00956nam a2200277 i 450000100060000000300090000600500170001500700030003200800410003501600160007602000180009204000200011008000230013010000330015324501520018626000430033830000270038149000450040850400300045365100360048370000300051970000200054971000310056983000450060085200330064513062ES-MaACL20250828080133.0t|921013s1990 sp ||||0| spa d7 zSIC92008768 a84-87290-06-X aSIC bspa cSIC a908(460.27 M.)"18"1 aHidalgo Monteagudo, Ramón.10aMadrid del siglo XIX b: el Ensanche / cGrupo Ciudad y Educación, Ramón Hidalgo Monteagudo, Rosalía Ramos Guarido, Fidel Revilla González. aMadrid : bLa Librería, cD.L. 1990. a77 p : bil ; c21 cm.1 aRecorridos didácticos por Madrid ; v5 aBibliografía: p. 75-76. 4aMadrid-xDescripción-yS.XIX.1 aRamos Guarido, Rosalía.1 aRevilla, Fidel.2 aGrupo Ciudad y Educación0 aRecorridos didácticos por Madrid ; v5 aES-MaACLjL-20393 bR.123730